| 000 | 00494cam a2200145 4500500 | ||
|---|---|---|---|
| 005 | 20260111093323.0 | ||
| 041 | _afre | ||
| 042 | _adc | ||
| 100 | 1 | 0 |
_aMiossec, Alain _eauthor |
| 245 | 0 | 0 | _aPhilippe Meyer, Les gens de mon pays, 243 pages, Robert Laffont, 2014, 29 € |
| 260 | _c2015. | ||
| 500 | _a25 | ||
| 786 | 0 | _nLa Géographie | 1556 | 1 | 2015-01-01 | p. 51b-52b | 1964-9002 | |
| 856 | 4 | 1 | _uhttps://shs.cairn.info/revue-la-geographie-2015-1-page-51b?lang=fr&redirect-ssocas=7080 |
| 999 |
_c1626056 _d1626056 |
||